Gas turbine principles and practice (Record no. 4487)

000 -LEADER
fixed length control field 00383nam a22001457a 4500
008 - FIXED-LENGTH DATA ELEMENTS--GENERAL INFORMATION
fixed length control field 200806b ||||| |||| 00| 0 eng d
082 00 - DEWEY DECIMAL CLASSIFICATION NUMBER
Classification number 621.433
Item number C8771
100 ## - MAIN ENTRY--PERSONAL NAME
9 (RLIN) 3583
Personal name Cox, H. R.
245 10 - TITLE STATEMENT
Title Gas turbine principles and practice
260 ## - PUBLICATION, DISTRIBUTION, ETC. (IMPRINT)
Place of publication, distribution, etc London
Name of publisher, distributor, etc George Newnes Limited
Date of publication, distribution, etc 1955
300 ## - PHYSICAL DESCRIPTION
Extent 120 p.
365 ## - TRADE PRICE
Unit of pricing 58.50
650 #0 - SUBJECT ADDED ENTRY--TOPICAL TERM
Topical term or geographic name as entry element Gas Turbines
942 ## - ADDED ENTRY ELEMENTS (KOHA)
Item type Books
Holdings
Withdrawn status Lost status Source of classification or shelving scheme Damaged status Not for loan Permanent location Current location Date acquired Source of acquisition Full call number Barcode Date last seen Koha item type
  Lost       IMU Kolkata IMU Kolkata 1959-02-06 Book center 621.433 C8771 02468 2020-08-06 Books
Designed and Maintained by IMU-KC Library, Kolkata Campus © Copyright All Rights Reserved

webs counters

Powered by Koha